Neural networks and fuzzy systems : solutions manual, a dynamical systems approach to machine intelligence with solutions for neural networks for signal processing (Record no. 176800)

MARC details
000 -LEADER
fixed length control field 00579nam a2200145Ia 4500
008 - FIXED-LENGTH DATA ELEMENTS--GENERAL INFORMATION
fixed length control field 231217s9999 xx 000 0 und d
041 ## - LANGUAGE CODE
Language code of text/sound track or separate title English
082 ## - DEWEY DECIMAL CLASSIFICATION NUMBER
Classification number 001.64404 KOS1 R
100 ## - MAIN ENTRY--PERSONAL NAME
Personal name Kosko, Bart
245 #0 - TITLE STATEMENT
Title Neural networks and fuzzy systems : solutions manual, a dynamical systems approach to machine intelligence with solutions for neural networks for signal processing
260 ## - PUBLICATION, DISTRIBUTION, ETC.
Date of publication, distribution, etc. 2005
300 ## - PHYSICAL DESCRIPTION
Extent 175
650 ## - SUBJECT ADDED ENTRY--TOPICAL TERM
Topical term or geographic name entry element Neural,networks,fuzzy,systems,:,solutions,manual,,dynamical,systems,machine,intelligence,solutions,neural,networks,processing
942 ## - ADDED ENTRY ELEMENTS (KOHA)
Koha item type Books
Holdings
Date last seen Total checkouts Full call number Accession number Price effective from Category Lost status Damaged status Department Withdrawn status Home library Current library Shelving location Entry date Vendor Grants Billdate Currency symbol Conversion rate Discount Old discount
26/01/2024   001.64404 KOS1 R 39526 26/01/2024 Books     CS   Central Library Central Library CS 17/12/2005 Publisher CS 11/09/2004 RS 1    

© For any Suggestions or Query, please contact the library staff @ librarian@pes.edu or Phone: +9180 2672 1983/ 2108.